Asheville - Glaive Song Lyrics - Statistics

General Stats
  • This quiz has been taken 3 times
  • The average score is 431 of 463
Answer Stats
Lyric % Correct
a
100%
about
100%
after
100%
all
100%
All
100%
all,
100%
already
100%
(Are
100%
army
100%
army)
100%
around,
100%
as
100%
Ash
100%
at
100%
back
100%
be
100%
build
100%
but
100%
But
100%
'cause
100%
'Cause
100%
city
100%
college
100%
comfort
100%
couldn't
100%
credits
100%
cried
100%
cried)
100%
day
100%
deep,
100%
do
100%
doing
100%
doing-
100%
done
100%
every
100%
Every
100%
everyone
100%
exactly
100%
feet
100%
for
100%
For
100%
frankly,
100%
(Fuck,
100%
fuck,
100%
fuck)
100%
"Fuck
100%
fuck
100%
Fuck,
100%
home
100%
home)
100%
home,
100%
I
100%
(I
100%
I'm
100%
in
100%
is
100%
is,
100%
it,
100%
it
100%
it's-
100%
it's
100%
I've
100%
join
100%
know
100%
left
100%
left)
100%
love,
100%
make
100%
mama
100%
me
100%
me,
100%
meant
100%
my
100%
My
100%
(My
100%
named
100%
never
100%
not
100%
of
100%
of,
100%
Partially
100%
partially
100%
plant
100%
proud
100%
real
100%
real?)
100%
returns
100%
said,
100%
said
100%
Said,
100%
same
100%
say
100%
shit,
100%
shit
100%
should
100%
silver
100%
single
100%
slow
100%
so
100%
some
100%
song
100%
statue
100%
take
100%
that
100%
the
100%
The
100%
(The
100%
They
100%
they
100%
things
100%
think
100%
this
100%
thought
100%
time
100%
To
100%
(To
100%
too
100%
town,"
100%
trust
100%
turned
100%
uh
100%
up
100%
us
100%
was
100%
way
100%
went
100%
what
100%
when
100%
you
100%
zero
100%
Accountant
67%
ago
67%
always
67%
And
67%
ask
67%
away
67%
Benz,
67%
Don't
67%
don't
67%
even
67%
everything
67%
fact
67%
find
67%
four
67%
from
67%
grip
67%
guess
67%
hate
67%
I'll
67%
into
67%
just
67%
life,
67%
made
67%
moves
67%
moving
67%
neighbourhood
67%
neighbours
67%
nothin'
67%
old
67%
on
67%
Only
67%
peace,
67%
person
67%
rims,
67%
seven
67%
shouldn't
67%
should've
67%
somehow,
67%
street
67%
tax
67%
that's
67%
There
67%
They'll
67%
told
67%
uh-uh,
67%
use
67%
weird,
67%
where
67%
Wrong,
67%
wrong,
67%
years
67%
cup,
33%
got
33%
live
33%
nightstand
33%
see
33%
whose
33%
with
33%
would
33%
No matching quizzes found
Score Distribution
Percent of People with Each Score
Percentile by Number Answered
Your Score History
You have not taken this quiz